Public-key cryptography : (Record no. 193693)
[ view plain ]
| 000 -LEADER | |
|---|---|
| fixed length control field | 00920nam a2200265Ia 4500 |
| 005 - DATE AND TIME OF LATEST TRANSACTION | |
| control field | 20220617174943.0 |
| 008 - FIXED-LENGTH DATA ELEMENTS--GENERAL INFORMATION | |
| fixed length control field | 210716s2009 xx 000 0 und d |
| 020 ## - INTERNATIONAL STANDARD BOOK NUMBER | |
| International Standard Book Number | 9788131708323 |
| 040 ## - CATALOGING SOURCE | |
| Transcribing agency | AIMIT LIBRARY |
| 041 ## - LANGUAGE CODE | |
| Language code of text/sound track or separate title | eng |
| 082 ## - DEWEY DECIMAL CLASSIFICATION NUMBER | |
| Classification number | 005.82 |
| Edition number | 1 |
| Item number | DASA |
| 100 ## - MAIN ENTRY--PERSONAL NAME | |
| Personal name | Das, Abhijit. |
| 9 (RLIN) | 43905 |
| 245 ## - TITLE STATEMENT | |
| Title | Public-key cryptography : |
| Remainder of title | Theory and practice / |
| Statement of responsibility, etc. | By Abhijit Das and C.E. Veni Madhavan. |
| 250 ## - EDITION STATEMENT | |
| Edition statement | 1st ed. |
| 260 ## - PUBLICATION, DISTRIBUTION, ETC. | |
| Place of publication, distribution, etc. | New Delhi : |
| Name of publisher, distributor, etc. | Pearson Education , |
| Date of publication, distribution, etc. | 2009. |
| 300 ## - PHYSICAL DESCRIPTION | |
| Extent | xxii, 562p. ; |
| Other physical details | PB ; |
| Dimensions | 24 cm. |
| 650 ## - SUBJECT ADDED ENTRY--TOPICAL TERM | |
| Topical term or geographic name entry element | Cryptography-Data encryption |
| 9 (RLIN) | 43906 |
| 650 ## - SUBJECT ADDED ENTRY--TOPICAL TERM | |
| Topical term or geographic name entry element | Mathematical Concepts |
| 9 (RLIN) | 43907 |
| 650 ## - SUBJECT ADDED ENTRY--TOPICAL TERM | |
| Topical term or geographic name entry element | Algebraic and Number-theoretic computations |
| 9 (RLIN) | 43908 |
| 650 ## - SUBJECT ADDED ENTRY--TOPICAL TERM | |
| Topical term or geographic name entry element | Cryptographic Algorithms |
| 9 (RLIN) | 43909 |
| 650 ## - SUBJECT ADDED ENTRY--TOPICAL TERM | |
| Topical term or geographic name entry element | Cryptanalysis in practice |
| 9 (RLIN) | 43910 |
| 650 ## - SUBJECT ADDED ENTRY--TOPICAL TERM | |
| Topical term or geographic name entry element | Quantum computation cryptography |
| 9 (RLIN) | 43911 |
| 700 ## - ADDED ENTRY--PERSONAL NAME | |
| Personal name | Madhavan, C E Veni. |
| 9 (RLIN) | 43912 |
| 942 ## - ADDED ENTRY ELEMENTS (KOHA) | |
| Source of classification or shelving scheme | Dewey Decimal Classification |
| Koha item type | Book |
| Edition | 1st |
| Call number prefix | 005.82 DASA |
| Withdrawn status | Lost status | Source of classification or shelving scheme | Damaged status | Not for loan | Collection code | Home library | Current library | Source of acquisition | Cost, normal purchase price | Inventory number | Total Checkouts | Full call number | Barcode | Date last seen | Cost, replacement price | Price effective from | Koha item type |
|---|---|---|---|---|---|---|---|---|---|---|---|---|---|---|---|---|---|
| Dewey Decimal Classification | MCA | St Aloysius Institute of Management & Information Technology | St Aloysius Institute of Management & Information Technology | Higginbothams Pvt Ltd | 575.00 | Bill no:1055; Bill dt:2013-10-28 | 005.82 DASA | MCA13201 | 05/23/2026 | 431.25 | 07/16/2021 | Book | |||||
| Dewey Decimal Classification | MCA | St Aloysius Institute of Management & Information Technology | St Aloysius Institute of Management & Information Technology | Higginbothams Pvt Ltd | 575.00 | Bill no:1055; Bill dt:2013-10-28 | 005.82 DASA | MCA13202 | 05/23/2026 | 431.25 | 07/16/2021 | Book | |||||
| Dewey Decimal Classification | MCA | St Aloysius Institute of Management & Information Technology | St Aloysius Institute of Management & Information Technology | Higginbothams Pvt Ltd | 575.00 | Bill no:1055; Bill dt:2013-10-28 | 005.82 DASA | MCA13203 | 05/23/2026 | 431.25 | 07/16/2021 | Book | |||||
| Dewey Decimal Classification | MCA | St Aloysius Institute of Management & Information Technology | St Aloysius Institute of Management & Information Technology | Higginbothams Pvt Ltd | 575.00 | Bill no:1055; Bill dt:2013-10-28 | 005.82 DASA | MCA13204 | 05/23/2026 | 431.25 | 07/16/2021 | Book | |||||
| Dewey Decimal Classification | MCA | St Aloysius Institute of Management & Information Technology | St Aloysius Institute of Management & Information Technology | Higginbothams Pvt Ltd | 575.00 | Bill no:1055; Bill dt:2013-10-28 | 005.82 DASA | MCA13205 | 05/23/2026 | 431.25 | 07/16/2021 | Book |